[Event "Assiut Upper Egypt"]
[Site "Assiut"]
[Date "2011.10.17"]
[Round "7"]
[White "Elhares, Alaa"]
[Black "Ryad, Mohamed"]
[Result "1-0"]
[WhiteElo "1741"]
[BlackElo "1835"]
[PlyCount "58"]
[EventDate "2011.10.13"]
[EventType "tourn"]
[EventRounds "9"]
[EventCountry "EGY"]
[SourceTitle "EXT 2019"]
[Source "ChessBase"]
[SourceDate "2018.10.10"]
[SourceVersion "1"]
[SourceVersionDate "2018.10.10"]
[SourceQuality "1"]

1. d4 d5 2. c4 e5 3. dxe5 d4 4. Nf3 c5 5. e3 Nc6 6. exd4 cxd4 7. Bd3 Bg4 8. Nbd2 Nxe5 9. Qe2 Bd6 10. c5 Bc7 11. h3 Bxf3 12. Nxf3 f6 13. Nxe5 fxe5 14. Bb5+ Kf8 15. 0-0 Nf6 16. Bg5 Qd5 17. b4 e4 18. Bh4 a6 19. Ba4 Qh5 20. Qxh5 Nxh5 21. Rfe1 Nf6 22. Bxf6 gxf6 23. Rxe4 Rd8 24. Rd1 d3 25. Re3 d2 26. Re2 Be5 27. Rexd2 Ke7 28. Rxd8 Rxd8 29. Rxd8 Kxd8 1-0

[Event "Assiut Upper Egypt"]
[Site "Assiut"]
[Date "2011.10.15"]
[Round "4"]
[White "Ryad, Mohamed"]
[Black "Sedeik, Moustafa"]
[Result "0-1"]
[WhiteElo "1835"]
[BlackElo "1875"]
[PlyCount "49"]
[EventDate "2011.10.13"]
[EventType "tourn"]
[EventRounds "9"]
[EventCountry "EGY"]
[SourceTitle "EXT 2019"]
[Source "ChessBase"]
[SourceDate "2018.10.10"]
[SourceVersion "1"]
[SourceVersionDate "2018.10.10"]
[SourceQuality "1"]

1. e4 c6 2. d4 d5 3. exd5 cxd5 4. f4 Nf6 5. Nf3 Ne4 6. h3 Ng3 7. Bb5+ Bd7 8. Bxd7+ Nxd7 9. Rg1 e6 10. Qd3 Be7 11. Nbd2 Bh4 12. Nxh4 Qxh4 13. Nf3 Qe7 14. Ng5 Nf5 15. g4 Nd6 16. Bd2 h6 17. Nf3 Ne4 18. 0-0-0 Nf2 19. Qc3 Nxd1 20. Rxd1 Rb8 21. f5 Qd6 22. fxe6 fxe6 23. Re1 0-0 24. Kb1 Qg3 25. Ng1 0-1